Joueurs de Premier League à la Coupe du Monde 2022 - Statistiques

Statistiques générales
  • Ce quiz a été pris 864 fois
  • Le résultat moyen est 58 sur 134
Statistiques - réponses
CLUB PAYS JOUEUR % Correct
Wolverhampton Portugal José Sa
96%
Arsenal Brésil Gabriel Jesus
83%
Arsenal France William Saliba
83%
Arsenal Angleterre Bukayo Saka
82%
Aston Villa Argentine Emiliano Martinez
82%
Manchester United Argentine Lisandro Martinez
82%
Manchester City Portugal Bernardo Silva
81%
Arsenal Brésil Gabriel Martinelli
81%
Chelsea Brésil Thiago Silva
78%
Arsenal Suisse Granit Xhaka
76%
Manchester City Belgique Kévin De Bruyne
76%
Arsenal Ghana Thomas Partey
73%
Arsenal Angleterre Aaron Ramsdale
72%
Liverpool Uruguay Darwin Nunez
72%
Chelsea Etats-Unis Christian Pulisic
71%
Liverpool France Ibrahima Konaté
71%
Liverpool Pays-Bas Virgil van Dijk
71%
Manchester City Allemagne Ilkay Gündogan
70%
Manchester United Danemark Christian Eriksen
69%
Chelsea Allemagne Kai Havertz
69%
Manchester City Angleterre Kyle Walker
69%
Chelsea Croatie Matteo Kovacic
69%
Chelsea Maroc Hakim Ziyech
68%
Manchester City Pays-Bas Nathan Aké
68%
Tottenham Angleterre Harry Kane
67%
Tottenham Corée du Sud Heung-min Son
67%
Manchester City Espagne Rodri
67%
Manchester City Portugal Ruben Dias
67%
Manchester City Angleterre John Stones
65%
Manchester City Angleterre Phil Foden
65%
Liverpool Brésil Alisson
64%
Manchester City Brésil Ederson
64%
Manchester City Suisse Manuel Akanji
64%
Arsenal Angleterre Ben White
63%
Manchester United Portugal Bruno Fernandes
62%
Chelsea Sénégal Edouard Mendy
62%
Manchester City Angleterre Jack Grealish
62%
Leicester Sénégal Nampalys Mendy
62%
Manchester United France Raphaël Varane
62%
Arsenal Japon Takehiro Tomiyasu
62%
Tottenham France Hugo Lloris
61%
Manchester City Portugal Joao Cancelo
61%
Liverpool Angleterre Jordan Henderson
61%
Manchester City Argentine Julian Alvarez
61%
Manchester United Angleterre Marcus Rashford
61%
Liverpool Angleterre Trent Alexander-Arnold
61%
Manchester United Angleterre Harry Maguire
60%
Liverpool Brésil Fabinho
58%
Chelsea Sénégal Kalidou Koulibaly
58%
Brighton Argentine Alexis Mac Allister
57%
Everton Angleterre Jordan Pickford
55%
Manchester United Brésil Casemiro
54%
Aston Villa Pologne Matty Cash
53%
Chelsea Angleterre Mason Mount
51%
Manchester United Brésil Antony
49%
Fulham Pays de Galles Daniel James
49%
Brighton Equateur Moises Caicedo
49%
Chelsea Angleterre Raheem Sterling
49%
Tottenham Brésil Richarlison
49%
Brighton Japon Kaoru Mitoma
48%
Leicester Belgique Youri Tielemans
48%
Fulham Serbie Aleksandar Mitrovic
46%
Manchester United Angleterre Luke Shaw
46%
Manchester City Espagne Aymeric Laporte
45%
West Ham Angleterre Declan Rice
45%
Manchester United Brésil Fred
45%
Manchester United Portugal Diogo Dalot
44%
Manchester United Portugal Cristiano Ronaldo
43%
Brighton Belgique Leandro Trossard
43%
Everton Belgique Amadou Onana
40%
Newcastle Brésil Bruno Guimaraes
40%
West Ham Brésil Lucas Paqueta
40%
Chelsea Espagne Cesar Azpilicueta
38%
Everton Sénégal Idrissa Gueye
38%
Tottenham Croatie Ivan Perisic
38%
West Ham France Alphonse Aréola
37%
Tottenham Argentine Cristian Romero
36%
Leicester Angleterre James Maddison
36%
Manchester City Angleterre Kalvin Phillips
35%
Arsenal Etat-Unis Matt Turner
35%
Wolverhampton Mexique Raul Jimenez
34%
Tottenham Uruguay Rodrigo Bentancur
34%
Wolverhampton Portugal Ruben Neves
33%
Brentford Cameroun Bryan Mbeumo
32%
Newcastle Angleterre Callum Wilson
31%
Fulham Pays de Galles Harry Wilson
31%
Newcastle Angleterre Kieran Trippier
31%
Chelsea Suisse Denis Zakaria
30%
Crystal Palace Ghana Jordan Ayew
30%
Brentford Espagne David Raya
29%
Newcastle Suisse Fabian Schär
29%
West Ham Maroc Nayef Aguerd
29%
Brighton Equateur Pervis Estupinan
28%
Newcastle Angleterre Nick Pope
27%
Leicester Belgique Timothy Castagne
27%
Tottenham Pays de Galles Ben Davies
25%
Tottenham Sénégal Pape Matar Sarr
25%
Manchester United Pays-Bas Tyrell Malacia
25%
Leicester Belgique Wout Faes
25%
Brighton Espagne Robert Sanchez
24%
Leeds United Etats-Unis Tyler Adams
24%
Wolverhampton Corée du Sud Hee-chan Hwang
23%
Fulham Portugal Joao Palhinha
23%
Aston Villa Belgique Leander Dendoncker
23%
Tottenham Angleterre Eric Dier
22%
Manchester United Uruguay Facundo Pellistri
22%
Fulham Etats-Unis Antonee Robinson
21%
Chelsea Angleterre Conor Gallagher
21%
Brentford Danemark Mikkel Damsgaard
21%
Crystal Palace Danemark Joachim Andersen
20%
Tottenham Danemark Pierre-Emile Höjbjerg
20%
Wolverhampton Portugal Matheus Nunes
18%
West Ham Allemagne Thilo Kehrer
18%
Leeds United Etats-Unis Brenden Aaronson
16%
Brighton Ghana Tariq Lamptey
16%
Everton Angleterre Conor Coady
13%
Leicester Ghana Daniel Amartey
13%
Leeds United Danemark Rasmus Kristensen
13%
Nottingham Forest Pays de Galles Brennan Johnson
12%
Brentford Danemark Christian Nörgaard
12%
Leicester Pays de Galles Dany Ward
12%
Brentford Danemark Mathias Jensen
11%
Nottingham Forest Suisse Remo Freuler
11%
Fulham Etats-Unis Tim Ream
11%
Aston Villa Pologne Jan Bednarek
10%
Bournemouth Pays de Galles Kieffer Moore
10%
Nottingham Forest Pays de Galles Neco Williams
10%
Southampton Allemagne Armel Bella-Kotchap
9%
Southampton Ghana Mohammed Salisu
9%
Nottingham Forest Sénégal Cheikhou Kouyaté
8%
Brighton Equateur Jeremy Sarmiento
8%
Brentford Iran Saman Ghoddos
8%
Bournemouth Pays de Galles Chris Mepham
3%
Nottingham Forest Pays de Galles Wayne Hennesey
2%
Aucun quiz correspondant
Distribution des résultats
% des personnes avec chaque résultat
Percentile par nombre de réponses
Votre historique - résultats
Vous n’avez pas pris ce quiz